Autorita duchovného vodcu

Podrobná bibliografia
Hlavný autor: Milčevičová, Mária (Autor)
Médium: Článok
Jazyk:slovenčina

MARC

LEADER 00000nab a2200000 a 4500
001 vtls011111377
003 SK-MaSNL
005 20260303150445.0
008 230222|2006 xo |||||||||||||||||slo|
015 |a SNBRB 
035 |a (uuid)d9cd1dd0-8da8-4c84-bcd7-15022f3603c1 
035 |a (urnnbn)urn:nbn:sk:snk:ar-a08fd7 
035 |a urn:nbn:sk:snk-ab9hzu 
040 |a SNKBUCL  |b slo  |c SNKBUCL  |e AACR2 
041 0 |a slo 
044 |a xo  |c SK 
100 1 |a Milčevičová, Mária  |4 aut  |9 305026 
245 1 0 |a Autorita duchovného vodcu  |c Mária Milčevičová 
773 0 |t Verba theologica : [odborný časopis teologických inštitútov Univerzity Komenského v Košiciach a v Spišskom Podhradí]  |g Roč. 5, č. 2 (2006), s. 98-101 
954 |a odborná, vedecká literatúra pôvodná (slovenská)  |2 lita 
958 |a OND 
958 |a EUIPO 
958 |a article13 
999 |c 2010876  |d 2012806